| Tag |
First Indicator |
Second Indicator |
Subfields |
| LEADER |
00000cam a2200000 a 4500 |
| 001 |
in00001219721 |
| 005 |
20151002095831.0 |
| 008 |
941208s1994 mau 000 0 eng d |
| 020 |
|
|
|a 0395707412 :
|c $24.95
|
| 035 |
|
|
|a (OCoLC)31632230
|
| 035 |
|
|
|9 AGQ9122AM
|
| 040 |
|
|
|a PFO
|c PFO
|d SPP
|d UtOrBLW
|
| 043 |
|
|
|a n-us---
|
| 049 |
|
|
|a TXAM
|
| 082 |
0 |
|
|a 070.194
|
| 090 |
|
|
|a PN4784.R2
|b N38 1994
|
| 245 |
0 |
4 |
|a The NPR interviews, 1994 /
|c edited and with an introduction by Robert Siegel.
|
| 264 |
|
1 |
|a Boston, Mass. :
|b Houghton Mifflin,
|c 1994.
|
| 300 |
|
|
|a 376 pages
|
| 336 |
|
|
|a text
|b txt
|2 rdacontent
|
| 337 |
|
|
|a unmediated
|b n
|2 rdamedia
|
| 338 |
|
|
|a volume
|b nc
|2 rdacarrier
|
| 650 |
|
0 |
|a Radio journalism.
|
| 650 |
|
0 |
|a Interviews
|z United States.
|
| 651 |
|
0 |
|a United States
|x Civilization
|y 1970-
|
| 651 |
|
0 |
|a United States
|x Politics and government
|y 1989-1993.
|
| 650 |
|
0 |
|a Civilization, Modern
|y 1950-
|
| 630 |
0 |
0 |
|a National Public Radio (U.S.)
|
| 700 |
1 |
|
|a Siegel, Robert.
|
| 999 |
|
|
|a MARS
|
| 999 |
f |
f |
|s 90167fe1-bcc1-3e6b-aa1b-0520274a6955
|i 4416e5ee-edb6-37da-83bb-816512b9afad
|t 0
|
| 952 |
f |
f |
|p ric
|a Texas A&M University
|b Rellis Campus
|c Joint Library Facility
|d Remote Storage
|t 0
|e PN4784.R2 N38 1994
|h Library of Congress classification
|i unmediated -- volume
|m A14818991482
|
| 998 |
f |
f |
|a PN4784.R2 N38 1994
|t 0
|l Remote Storage
|